000 01105cam a2200265 a 4500
999 _c58746
_d58746
001 12110154
003 ARRUPE
005 20170602114730.0
008 000717s2001 nyub b 001 0 eng
010 _a 00059943
020 _a1580460852 (alk. paper)
040 _aDLC
_cDLC
_dDLC
043 _af------
050 0 0 _aDT30.5
_b.F35 2001
082 0 0 _a305.5/52/096
_221
100 1 _aFalola, Toyin.
_932072
245 1 0 _aNationalism and African intellectuals /
_cToyin Falola.
260 _aRochester, NY :
_bUniversity of Rochester Press,
_c2001.
300 _axx, 372 p. :
_bmaps ;
_c24 cm.
504 _aIncludes bibliographical references (p. 327-358) and index.
650 0 _aNationalism
_zAfrica
_xHistory
_y20th century.
_932073
650 0 _aIntellectuals
_xPolitical activity
_zAfrica.
_932074
651 0 _aAfrica
_xPolitics and government
_y1960-
_932075
906 _a7
_bcbc
_corignew
_d1
_eocip
_f20
_gy-gencatlg
942 _2lcc
_cMONOGRAPH